|
|
|
|
| LEADER |
00000cam a22000004a 4500 |
| 001 |
musev2_17348 |
| 003 |
MdBmJHUP |
| 005 |
20230905041857.0 |
| 006 |
m o d |
| 007 |
cr||||||||nn|n |
| 008 |
111118s2012 ohu o 00 0 eng d |
| 010 |
|
|
|z 2011047795
|
| 020 |
|
|
|a 9781612773872
|
| 020 |
|
|
|z 1612773877
|
| 020 |
|
|
|z 9781606351222
|
| 035 |
|
|
|a (OCoLC)821736646
|
| 040 |
|
|
|a MdBmJHUP
|c MdBmJHUP
|
| 043 |
|
|
|a n-us-oh
|
| 050 |
0 |
4 |
|a TC624.O3
|b G36 2012
|
| 082 |
0 |
|
|a 386/.4709771
|2 23
|
| 100 |
1 |
|
|a Gantz, Carroll.
|
| 245 |
1 |
4 |
|a Building the St. Helena II :
|b Rebirth of a Nineteenth-Century Canal Boat /
|c Carroll Gantz.
|
| 264 |
|
1 |
|a Kent, Ohio :
|b The Kent State University Press,
|c 2012.
|
| 264 |
|
3 |
|a Baltimore, Md. :
|b Project MUSE,
|c 2012
|
| 264 |
|
4 |
|c ©2012.
|
| 300 |
|
|
|a 1 online resource (144 pages).
|
| 336 |
|
|
|a text
|b txt
|2 rdacontent
|
| 337 |
|
|
|a computer
|b c
|2 rdamedia
|
| 338 |
|
|
|a online resource
|b cr
|2 rdacarrier
|
| 504 |
|
|
|a Includes bibliographical references and index.
|
| 505 |
0 |
|
|a American canals -- Ohio canals -- Decline and survival -- Stark County, Ohio -- Canal Fulton's boat -- Construction begins --The St. Helena II is born -- Dedication -- Canal boats USA -- Ohio & Erie Canalway -- Epilogue -- Appendix A: "Canal Nostalgia" -- Appendix B: Honorable Ralph Regula's dedication address -- Appendix C: Transcript of recorded lecture played on the St. Helena II
|
| 588 |
|
|
|a Description based on print version record.
|
| 650 |
|
0 |
|a Canal-boats
|z Ohio.
|
| 650 |
|
0 |
|a Canals
|x Ohio
|x History.
|
| 610 |
2 |
0 |
|a St. Helena II (Canal boat : 1970)
|
| 655 |
|
7 |
|a Electronic books.
|2 local
|
| 710 |
2 |
|
|a Project Muse.
|e distributor
|
| 830 |
|
0 |
|a Book collections on Project MUSE.
|
| 856 |
4 |
0 |
|z Texto completo
|u https://projectmuse.uam.elogim.com/book/17348/
|
| 945 |
|
|
|a Project MUSE - Custom Collection
|
| 945 |
|
|
|a Project MUSE - 2012 US Regional Studies, Midwest
|
| 945 |
|
|
|a Project MUSE - 2012 Complete
|